| 000 | 00686nam a22001577a 4500 | ||
|---|---|---|---|
| 003 | OSt | ||
| 005 | 20151002104758.0 | ||
| 008 | 151002b xxu||||| |||| 00| 0 eng d | ||
| 040 | _cRUA | ||
| 082 | _aAVM HOR 1996 B069 Or.1 | ||
| 100 |
_91734 _aHOR, MALIN. |
||
| 245 | _aThe death causes of piglet after weaning in hun sen development center at krang yauv (បុព្វហេតុស្លាប់នៃកូនជ្រូកក្រោយពេលផ្ដាច់ដោះនៅមជ្ឃមណ្ឌលអភិវឌ្ឃន៏ហ៊ុនសែនក្រាំងយ៉ូវ) | ||
| 260 |
_aPHnom Penh _bRUA _c1996 |
||
| 300 |
_a56p. _bill. _c29cm. |
||
| 942 |
_2ddc _cAVM |
||
| 999 |
_c1637 _d1637 |
||